00603nam a2200181 a 45000010005000000030005000050050017000100080041000270200018000680400026000862450046001122600071001585000028002297100035002579420013002929990015003059520101003205708CDMR20130301132210.0130130s ||||||||||||||||||||||||||||d a9788496855199 aCDMRbcatcCPC LLEIDA00aLeandre Cristófolb: de l'aire a l'aire bInstitut Municipal d'Acció Cultural de Lleidaa[Lleida]cc. 2008 aCatàleg d'exposició2 92824aMuseu d'art Jaume Morera cMON2udc c5708d5708 00104070aLLEIDAbLLEIDAd2011-08-11l0o683CULpLLEIDA1312613996r2013-01-16w2013-01-16yMON